| 000 | 01772nam0a2200385 4500 | ||
|---|---|---|---|
| 001 | RU\NLR\BIBL_A\011326933 | ||
| 005 | 20250626043626.0 | ||
| 010 |
_a978-5-906564-30-6 _91000 |
||
| 021 |
_aRU _b2017-2402 _9172 |
||
| 035 | _a(NLR Aleph) 011326933 | ||
| 090 |
_a11113224 _c11113224 |
||
| 100 | _a20170215e20171976|||y0rusy50 ca | ||
| 101 | 1 |
_arus _ceng |
|
| 102 | _aRU | ||
| 105 | _ac z 000zy | ||
| 200 | 1 |
_aСанскрит _fТ. Барроу _gперевод с английского Н. Лариной _gредакция и комментарии Т.Я. Елизаренковой _gРоссийская академия наук, Институт языкознания |
|
| 205 |
_a[2-е изд., испр. и доп. _bрепр. 1976 г.] |
||
| 210 |
_aМосква _cАБВ _d2017 |
||
| 215 |
_a409, [2] с. _cпортр. _d22 |
||
| 225 | 1 |
_aBibliotheca Sanscritica _fнауч. ред. к.филол.н. М.Ю. Гасунс _vт. 9 |
|
| 300 | _aНа тит. л. ориг. изд. вых. дан.: Москва, 1976 | ||
| 320 | _aИзбр. библиогр.: с. 363-365 | ||
| 320 | _aБиблиогр. в примеч.: с. 367-374 | ||
| 320 | _aУказ.: с. 377-410 | ||
| 455 | 0 |
_12001#$aСанскрит$fТ. Барроу _1210##$d1976 _tСанскрит |
|
| 606 | 1 |
_aСанскритский язык _xИстория _91585909 _3RU\NLR\AUTH\66995427 |
|
| 606 | 1 |
_aСанскритский язык _xФонетика _91586428 _3RU\NLR\AUTH\66995686 |
|
| 606 | 1 |
_aСанскритский язык _xГрамматика _91585866 _3RU\NLR\AUTH\66995405 |
|
| 686 | 1 | _aШ152.212-0 | |
| 686 | 1 | _aШ152.212-1/7 | |
| 700 | 1 |
_aБарроу _bТ. _f1909-1986 _gТомас |
|
| 942 | _cBOOK | ||
| 980 | _aNB | ||